| 000 | 00619nam a2200217Ia 4500 | ||
|---|---|---|---|
| 003 | OSt | ||
| 005 | 20221007082847.0 | ||
| 006 | a|||||r|||| 00| 0 | ||
| 007 | ta | ||
| 008 | 221006b |||||||| |||| 00| 0 eng d | ||
| 024 | _a33,353 | ||
| 037 | _cDissertations | ||
| 040 |
_aFLL _cFLL _beng |
||
| 041 |
_2eng _aeng |
||
| 100 |
_aYadav Abhishek Singh _9699674 |
||
| 245 | 0 |
_aGeographical indication and traditional knowledge _b can gi be an effective tool for the protection of tk |
|
| 260 | _c2009 | ||
| 300 |
_aviii,121p _ccm. |
||
| 942 |
_cDIS _2CC |
||
| 999 |
_c1167994 _d1167994 |
||